Science Quiz

Random Science or Elements Quiz
Score 0/29 Timer 10:00
0 Plays Today
postal code element % Correct
ALCALIFORNIUM....
95.9%
ARSAMARIUM....
93.7%
CACADMIUM....
93.5%
COCOBALT....
90.9%
FLONLY FLUORINE & FLEROVIUM
72.4%
INFLUORINE....
66.6%
NEASTATINE....
66.4%
GAGADOLINIUM....
65.6%
MAMANGANESE....
57.3%
ORCHLORINE....
53.7%
RIBOHRIUM....
51.8%
MOANTIMONY...
49.9%
VAONLY VANADIUM
49.6%
LALANTHANUM....
49.3%
MIALUMINUM....
48.2%
postal code element % Correct
SCSCANDIUM...
47%
NCFRANCIUM....
46.9%
MEMENDELEVIUM....
45.7%
NYONLY ANTIMONY
44.2%
CTONLY PROTACTINIUM & ACTINIUM
41.9%
NDINDIUM....
40.3%
PAONLY PALLADIUM
39.2%
OHONLY BOHRIUM
35.8%
IDONLY IRIDIUM & RUBIDIUM
35.6%
UTRUTHERFORDIUM....
34.8%
ILONLY SILICON & SILVER
34.7%
DEONLY MENDELEVIUM & MOLYBDENUM
27.5%
HIONLY LITHIUM & PROMETHIUM
26%
TNONLY MEITNERIUM
17.2%
Remove Ads.
Support Sporcle.
Get the best of Sporcle when you Go Orange. This ad-free experience offers more features, more stats, and more fun while also helping to support Sporcle. Thank you for becoming a member.

You're not logged in!

Compare scores with friends on all Sporcle quizzes.
OR
Log In

Show Comments

Extras

Top Quizzes Today


Score Distribution

Your Account Isn't Verified!

In order to create a playlist on Sporcle, you need to verify the email address you used during registration. Go to your Sporcle Settings to finish the process.

Report this User

Report this user for behavior that violates our Community Guidelines.

Details: